000 00747nam a2200265 i 4500
001 11011
003 BD-RjUL
005 20211208235044.0
008 140126r19801979nyu 00110 eng d
020 _a0060136545 :
035 _a(BD-RjUL)
035 _a(BD-RjUL)
040 _aBD-RjUL
_beng
_cBD-RjUL
041 _aeng
082 0 0 _a070.43
_bROC 1980
100 1 0 _aRosenblum, Mort.
_934022
245 1 0 _aCoups and earthquakes :
_breporting the world for America /
_cby Mort Rosenblum.
250 _a1st ed.
260 0 _aNew York :
_bHarper & Row,
_cc1979 [reprinted 1980].
300 _ax, 230 p. ;
_c22 cm.
504 _aIncludes index.
650 0 _aForeign news
_zUnited States.
_92733
942 _2ddc
_cBK
999 _c11011
_d11011